70 - Né(es) un 11 mars - Statistiques

Statistiques générales
  • Ce quiz a été pris 9 fois
  • Le résultat moyen est 3 sur 9
Statistiques - réponses
Hint Année de naissance Réponse % Correct
Joueur de football international ivoirien. Avant-centre. Passé par l'Olympique de Marseille et Chelsea FC. 4ème du Ballon d'or en 2007. 1978 Didier Drogba
100%
Réalisateur français. Connu pour "Crying Freeman", "Le Pacte des loups", "Silent Hill", "La Belle et la Bête". 1960 Christophe Gans
43%
Chanteuse allemande. Célèbre dans la musique punk et new wave des années 1970 et 1980. Connue pour l'album "Unbehagen". 1955 Nina Hagen
43%
Mécène anglais qui ayant fait fortune dans le raffinage du sucre fit don à la nation britannique de ses collections de peintures axées sur l'art de son pays. Un musée qui porte son nom fut crée afin d'héberger cette donation. 1819 Henry Tate
29%
Ingénieur français. A inventé le réfrigérateur à absorption, destiné à produire de la glace pour les brasseries. 1824 Ferdinand Carré
14%
Roi du Danemark de 1947 à 1972. 1899 Frédéric IX
14%
Haut fonctionnaire devenu plume des discours présidentiels. Député des Yvelines de 2012 à 2017. 1957 Henri Guaino
14%
Petit-fils du général Helmuth ___________ (1848-1916), chef du grand-état major allemand en août-septembre 1914. Cousin de Claus von Stauffenberg. 1907 Helmuth James von Moltke
0%
Négociant de cigares suisse. A laissé son nom à une marque de cigares. 1906 Zino Davidoff
0%
Aucun quiz correspondant
Distribution des résultats
% des personnes avec chaque résultat
Percentile par nombre de réponses
Votre historique - résultats
Vous n’avez pas pris ce quiz